| 000 | 00728cam a2200217 4500 | ||
|---|---|---|---|
| 001 | WB3703-09 | ||
| 008 | 000000n2001 000 0 eng u | ||
| 035 | _a(Sirsi) u110393 | ||
| 245 | _aHousebuilding: November 2000 | ||
| 260 | _c2001 | ||
| 490 |
_aNational Statistics Press Release _v 11 January 2001 (6) |
||
| 520 | _aProvisionally estimates in November 2000 that 12,000 houses were started in the UK compared with 14,700 in November 1999. Completions numbered 15,900 compared with 15,700 in 1999. Tables. Graphs. | ||
| 590 | _aWB | ||
| 650 | _aSTATISTICS | ||
| 650 | _aDETR | ||
| 650 | _aHOUSE BUILDING | ||
| 650 | _aSTARTS AND COMPLETIONS | ||
| 650 | _aHOUSING ASSOCIATIONS | ||
| 690 | _aHOUSING | ||
| 942 | _n0 | ||
| 999 |
_c65814 _d65814 |
||